[Event "27th Hoogeveen Open 2024"]
[Site "Hoogeveen NED"]
[Date "2024.10.31"]
[Round "7.17"]
[White "Kazarjan, Gachatur"]
[Black "Boeren, Jurriaan"]
[Result "0-1"]
[WhiteElo "2163"]
[BlackElo "2159"]
[WhiteFideId "1068750"]
[BlackFideId "1067478"]
[EventDate "2024.10.26"]

1. e4 e5 2. Nf3 Nc6 3. Bc4 Nf6 4. d3 Bc5 5. c3 a6 6. O-O d6 7. Re1 Ba7 8. Nbd2
O-O 9. h3 Na5 10. b4 Nxc4 11. Nxc4 Be6 12. Be3 Bxc4 13. dxc4 Bxe3 14. Rxe3 Qe7
15. Qe2 Nh5 16. Ne1 Nf4 17. Qf1 Qe6 18. Nd3 Qxc4 19. Nxf4 Qxf1+ 20. Rxf1 exf4
21. Rf3 g5 22. h4 Rae8 23. hxg5 Rxe4 24. g3 fxg3 25. Rxg3 Rfe8 26. Kg2 Re1 27.
Rxe1 Rxe1 28. a4 a5 29. Rg4 Kg7 30. b5 Re5 31. Kg3 Kg6 32. Kh4 Rf5 33. Rc4 Rxf2
34. Rxc7 Rf4+ 35. Kg3 Rxa4 36. Rxb7 Rc4 37. Rd7 Rxc3+ 38. Kg4 Rc4+ 39. Kg3 Rc3+
40. Kg4 Rc4+ 41. Kg3 Rb4 42. Rxd6+ Kxg5 43. Rd5+ f5 44. b6 Rb3+ 45. Kg2 Kg4 46.
Rxa5 Rb2+ 47. Kg1 Rxb6 48. Ra7 Rb1+ 49. Kg2 Rb2+ 50. Kg1 h5 51. Rg7+ Kf4 52. Rh7
h4 53. Kf1 Kf3 54. Kg1 f4 55. Rg7 h3 56. Rh7 Rb1+ 57. Kh2 Kf2 58. Rxh3 f3 59.
Rh8 Rb6 60. Rh7 Re6 61. Rh8 Re5 62. Rh7 Kf1 63. Ra7 f2 64. Ra1+ Ke2 65. Ra2+ Kf3
66. Ra3+ Re3 67. Ra1 Re1 68. Ra3+ Ke4 0-1

[Event "27th Hoogeveen Open 2024"]
[Site "Hoogeveen NED"]
[Date "2024.10.31"]
[Round "7.18"]
[White "Van Zutphen, Jimmy"]
[Black "Grooten, Tommy"]
[Result "1/2-1/2"]
[WhiteElo "2125"]
[BlackElo "2067"]
[WhiteFideId "1013890"]
[BlackFideId "1068806"]
[EventDate "2024.10.26"]

1. d4 Nf6 2. Bf4 g6 3. e3 Bg7 4. h3 O-O 5. Nf3 d6 6. Be2 Nbd7 7. O-O Qe8 8. c4
e5 9. Bh2 Qe7 10. Nc3 Rd8 11. Qc2 b6 12. Nb5 c6 13. Nxd6 Qxd6 14. dxe5 Qe7 15.
exf6 Nxf6 16. Nd4 Bb7 17. Bf3 Rac8 18. Rfd1 c5 19. Bxb7 Qxb7 20. Nb5 Ne4 21.
Rxd8+ Rxd8 22. Rd1 Rxd1+ 23. Qxd1 Bxb2 24. Qd8+ Kg7 25. Nd6 Nxd6 26. Bxd6 h5 27.
Qf8+ Kh7 28. Be7 Bg7 29. Qxf7 b5 30. cxb5 Qd7 31. f4 c4 32. f5 gxf5 33. Qxh5+
Kg8 34. Ba3 Qd3 35. Qe8+ Kh7 36. Qh5+ Kg8 1/2-1/2

[Event "27th Hoogeveen Open 2024"]
[Site "Hoogeveen NED"]
[Date "2024.10.31"]
[Round "7.19"]
[White "Van Helvoort, Rob"]
[Black "Van der Lubben, Arno"]
[Result "1-0"]
[WhiteElo "2164"]
[BlackElo "1997"]
[WhiteFideId "1005596"]
[BlackFideId "1068920"]
[EventDate "2024.10.26"]

1. e4 e5 2. Nf3 Nc6 3. Bb5 a6 4. Ba4 Nf6 5. d3 b5 6. Bb3 Bc5 7. Nc3 h6 8. Nd5 d6
9. c3 Rb8 10. Be3 Bxe3 11. Nxf6+ Qxf6 12. fxe3 Be6 13. O-O Qe7 14. d4 Nd8 15.
Bxe6 Nxe6 16. b4 O-O 17. a4 Ng5 18. Nxg5 Qxg5 19. Qd3 c6 20. axb5 axb5 21. Ra6
Rbc8 22. Ra7 d5 23. Rf5 Qh4 24. exd5 cxd5 25. Qf1 f6 26. dxe5 fxe5 27. Rff7 Qg5
28. Rxg7+ Qxg7 29. Rxg7+ Kxg7 30. Qxb5 Rxc3 31. h3 Rd8 32. Qb6 Rd7 33. Qe6 Rc1+
34. Kh2 Rcc7 35. Qxe5+ Kf7 36. Qf5+ Kg7 37. b5 Rb7 38. h4 Kh8 39. Qf6+ Kh7 40.
Qf5+ Kh8 1-0

[Event "27th Hoogeveen Open 2024"]
[Site "Hoogeveen NED"]
[Date "2024.10.31"]
[Round "7.20"]
[White "Zecha, Oscar"]
[Black "Arnold, Rhys"]
[Result "0-1"]
[WhiteElo "2097"]
[BlackElo "2312"]
[WhiteFideId "1073826"]
[BlackFideId "1068849"]
[EventDate "2024.10.26"]

1. d4 Nf6 2. c4 e6 3. g4 h6 4. g5 hxg5 5. Bxg5 d5 6. Nc3 Nbd7 7. Nf3 c6 8. Qc2
Be7 9. Rg1 b6 10. cxd5 cxd5 11. Nb5 Kf8 12. Nc7 Rb8 13. Bf4 Bb4+ 14. Kd1 Ne4 15.
a3 Bd6 16. Qxe4 dxe4 17. Bxd6+ Kg8 18. Ng5 Nf8 19. Nxe4 Rh4 20. f4 Ng6 21. Nb5
Rb7 22. e3 a6 23. Nbc3 Rd7 24. Bb8 Bb7 25. Bc4 Bd5 26. Bxd5 exd5 27. f5 Qxb8 28.
Ng3 Nf8 29. f6 Ng6 30. fxg7 Rxh2 31. Rc1 Kxg7 32. Nf5+ Kh7 33. Na4 Rc7 34. Nc3
Rc8 35. Rb1 Rd8 36. Rc1 b5 37. Ne2 Rc8 38. Kd2 Rxc1 39. Rxc1 Nh4 40. Ne7 Qd6 41.
Nc6 Nf3+ 42. Kd3 Qg6+ 43. Kc3 Qxc6+ 44. Kb3 Qc4+ 45. Rxc4 bxc4+ 46. Kc3 Rxe2 47.
a4 Rxe3+ 48. Kb4 Rb3+ 49. Ka5 Rxb2 50. Kxa6 c3 51. a5 c2 52. Ka7 c1=Q 53. a6
Qc7+ 0-1

[Event "27th Hoogeveen Open 2024"]
[Site "Hoogeveen NED"]
[Date "2024.10.31"]
[Round "7.21"]
[White "Vaupot, Luka"]
[Black "Van Dael, Siem"]
[Result "1/2-1/2"]
[WhiteTitle "CM"]
[BlackTitle "FM"]
[WhiteElo "2140"]
[BlackElo "2279"]
[WhiteFideId "14627671"]
[BlackFideId "1049771"]
[EventDate "2024.10.26"]

1. d4 d5 2. c4 dxc4 3. e3 Nf6 4. Bxc4 e6 5. Nf3 a6 6. O-O c5 7. Bb3 Nc6 8. Nc3
cxd4 9. exd4 Be7 10. Bf4 O-O 11. d5 exd5 12. Nxd5 Nxd5 13. Qxd5 Qxd5 14. Bxd5
Nb4 15. Be4 a5 16. a3 Na6 17. Rfe1 Bf6 18. Be5 Bxe5 19. Nxe5 Nc5 20. Bd5 Be6 21.
Bxe6 Nxe6 22. h3 Rac8 23. Rac1 h6 24. Nc4 Rc5 25. Nd6 Rg5 26. Rc4 Rd5 27. Ne4
Rfd8 28. Kh2 Rb5 29. b4 a4 30. Nc5 Rc8 31. Rec1 Nxc5 32. bxc5 Ra8 33. R1c3 Ra6
34. Rf3 g5 35. h4 Kg7 36. Rg3 f5 37. hxg5 hxg5 38. Rxg5+ Kf6 39. Rh5 Kg6 40. Rh3
Rb2 41. Rch4 Rc6 42. Rxa4 Rxc5 43. Rb4 Rxf2 44. Rxb7 f4 45. Rf3 Rxf3 46. gxf3
Rc3 47. a4 Rxf3 48. Rb5 1/2-1/2

[Event "27th Hoogeveen Open 2024"]
[Site "Hoogeveen NED"]
[Date "2024.10.31"]
[Round "7.22"]
[White "Duchene, Rene"]
[Black "Van Batenburg, Mees"]
[Result "1-0"]
[WhiteElo "2075"]
[BlackElo "2247"]
[WhiteFideId "1006304"]
[BlackFideId "1078259"]
[EventDate "2024.10.26"]

1. Nf3 d5 2. e3 c5 3. b3 Nf6 4. Bb2 e6 5. c4 Bd6 6. cxd5 exd5 7. Bb5+ Nc6 8. O-O
O-O 9. d4 a6 10. Bxc6 bxc6 11. dxc5 Bxc5 12. h3 Re8 13. Nc3 Bf5 14. Na4 Bd6 15.
Rc1 Rc8 16. Nc5 Ne4 17. Nb7 Qd7 18. Nxd6 Qxd6 19. Qd4 Qh6 20. Rfd1 Rcd8 21. Rxc6
Nf6 22. Qh4 Qxh4 23. Nxh4 Bc8 24. Bxf6 gxf6 25. Rxf6 Be6 26. Nf5 a5 27. Nd4 a4
28. bxa4 Ra8 29. Nxe6 fxe6 30. Rf4 Ra5 31. Rc1 Re7 32. Rb4 Ra6 33. e4 Rea7 34.
exd5 exd5 35. Rd1 Rxa4 36. Rxa4 Rxa4 37. Rxd5 Rxa2 38. Rd7 Rb2 39. g4 h5 40. Kg2
Rb3 41. Rd5 hxg4 42. hxg4 Kg7 43. Rd6 Ra3 44. f3 Ra2+ 45. Kg3 Ra5 46. Kh4 Rb5
47. f4 Rb4 48. Kg5 Rb5+ 49. f5 Rb7 50. Kh5 Rf7 51. Re6 Rf8 52. Kg5 Rb8 53. Re7+
Kh8 54. Kh6 Kg8 55. g5 Rb2 56. Kg6 Kf8 57. f6 Rb6 58. Rd7 Rb8 59. Rh7 1-0

[Event "27th Hoogeveen Open 2024"]
[Site "Hoogeveen NED"]
[Date "2024.10.31"]
[Round "7.23"]
[White "Vaupot, Kajetan"]
[Black "Nissinen, Niilo Man"]
[Result "0-1"]
[BlackTitle "CM"]
[WhiteElo "1870"]
[BlackElo "2204"]
[WhiteFideId "14641003"]
[BlackFideId "30950767"]
[EventDate "2024.10.26"]

1. d4 Nf6 2. c4 e6 3. g3 c5 4. d5 exd5 5. cxd5 d6 6. Nc3 g6 7. Bg2 Bg7 8. Nf3
O-O 9. O-O Re8 10. Nd2 a6 11. a4 Nbd7 12. Nc4 Ne5 13. Na3 Nh5 14. h3 f5 15. e4
Nf6 16. f4 Nf7 17. exf5 Bxf5 18. Nc4 Ne4 19. Nxe4 Bxe4 20. a5 Bd4+ 21. Kh2 Qf6
22. Ra2 Bxg2 23. Kxg2 Qf5 24. Nb6 Qe4+ 25. Rf3 Qe2+ 26. Qxe2 Rxe2+ 27. Kf1 Rae8
28. Be3 R2xe3 0-1

[Event "27th Hoogeveen Open 2024"]
[Site "Hoogeveen NED"]
[Date "2024.10.31"]
[Round "7.24"]
[White "Bakija, Alan"]
[Black "Verheij, Dana"]
[Result "1-0"]
[WhiteElo "2192"]
[BlackElo "1972"]
[WhiteFideId "1068016"]
[BlackFideId "1063790"]
[EventDate "2024.10.26"]

1. Nf3 f5 2. b3 Nf6 3. Bb2 e6 4. g3 Be7 5. Bg2 O-O 6. O-O Nc6 7. d4 b6 8. Nc3 d5
9. e3 Qe8 10. Ne2 Ba6 11. c4 Rd8 12. Rc1 dxc4 13. bxc4 Na5 14. Nd2 c5 15. Re1
Qf7 16. Qa4 Ne4 17. Nb3 Nxc4 18. Rxc4 Bxc4 19. Qxc4 Rc8 20. dxc5 Nxc5 21. Nbd4
Rfd8 22. Nf4 b5 23. Nxb5 Nd3 24. Qxd3 Rxd3 25. Nxd3 a6 26. Nd4 Bd6 27. Nc6 e5
28. Bxe5 Bxe5 29. Ndxe5 Qxa2 30. Ne7+ Kf8 31. Nxc8 Qe6 32. Nb6 Qb3 33. Ra1 g5
34. Rxa6 Kg7 35. Nbc4 Qd1+ 36. Bf1 h5 37. Rg6+ Kf8 38. Rxg5 Ke7 39. Rxf5 Ke6 40.
Rf4 Qc1 41. Nf3 Qb1 42. Ng5+ Kd5 43. h4 Kc5 44. e4 Kc6 45. e5 Kd7 46. e6+ Ke8
47. Rf7 1-0

[Event "27th Hoogeveen Open 2024"]
[Site "Hoogeveen NED"]
[Date "2024.10.31"]
[Round "7.25"]
[White "Hoffman, Ron"]
[Black "Yasmo, Daniil"]
[Result "0-1"]
[WhiteElo "2024"]
[BlackElo "2156"]
[WhiteFideId "1007599"]
[BlackFideId "14199165"]
[EventDate "2024.10.26"]

1. d4 d5 2. Bf4 c5 3. e3 Nc6 4. Nf3 Nf6 5. Nbd2 Bf5 6. Bb5 cxd4 7. exd4 Qb6 8.
c4 a6 9. Bxc6+ bxc6 10. Qb3 Qxb3 11. axb3 e6 12. c5 Bd3 13. b4 Nd7 14. Nb3 f6
15. h4 Kf7 16. Na5 Bb5 17. Kd2 g6 18. Rhe1 h6 19. Ra3 g5 20. Bg3 g4 21. Nh2 h5
22. Bf4 e5 23. Be3 Re8 24. Nf1 f5 25. g3 Rh7 26. Nb7 Kg6 27. Kd1 Rb8 28. Na5 Re8
29. Nb7 Rf7 30. Bg5 Nf6 31. Bxf6 Kxf6 32. dxe5+ Rxe5 33. Rxe5 Kxe5 34. Re3+ Kf6
35. Nd8 Rd7 36. Re6+ Kg7 37. Nxc6 Bxf1 38. Nd4 Kf7 39. Rb6 f4 40. gxf4 Rc7 41.
Ne6 Ra7 42. f5 Be7 43. c6 Bd6 44. Ng5+ Ke8 45. f6 Kf8 46. f7 Bd3 47. Kd2 Bf5 48.
Ke3 Bc7 49. Rb7 Rxb7 50. cxb7 Be5 51. f3 d4+ 52. Kf2 g3+ 53. Kg2 d3 54. f4 Bxf4
55. Kf3 Be5 56. Ke3 Bg4 57. Ne4 g2 58. Kf2 Bf3 59. Ng5 Bd5 60. Kg1 0-1

[Event "27th Hoogeveen Open 2024"]
[Site "Hoogeveen NED"]
[Date "2024.10.31"]
[Round "7.26"]
[White "Westerlaan, Sander"]
[Black "Ritzerveld, Noah"]
[Result "0-1"]
[BlackTitle "FM"]
[WhiteElo "1979"]
[BlackElo "2281"]
[WhiteFideId "1044346"]
[BlackFideId "1085760"]
[EventDate "2024.10.26"]

1. d4 d5 2. c4 c6 3. Nf3 Nf6 4. Nc3 dxc4 5. e4 b5 6. Be2 e6 7. O-O Bb7 8. b3
cxb3 9. d5 exd5 10. exd5 Be7 11. dxc6 Nxc6 12. Qxb3 a6 13. Be3 O-O 14. Rfd1 Qc7
15. Rac1 Rac8 16. Ng5 Qb8 17. Nd5 Nxd5 18. Qxd5 Ne5 19. Qd4 Rxc1 20. Rxc1 Rd8
21. Qf4 h6 22. Ne4 Nc4 23. Qxb8 Rxb8 24. Bf4 Rd8 25. Bf3 Rd4 26. Be3 Rxe4 27.
Bxe4 Bxe4 28. Bd4 0-1

[Event "27th Hoogeveen Open 2024"]
[Site "Hoogeveen NED"]
[Date "2024.10.31"]
[Round "7.27"]
[White "Lardinois, Wouter"]
[Black "Grooten, Herman"]
[Result "1-0"]
[BlackTitle "IM"]
[WhiteElo "2025"]
[BlackElo "2216"]
[WhiteFideId "1039997"]
[BlackFideId "1000330"]
[EventDate "2024.10.26"]

1. e4 c6 2. d4 d5 3. e5 Bf5 4. h4 h5 5. Bd3 Bxd3 6. Qxd3 e6 7. Nf3 Qa5+ 8. Nbd2
Qa6 9. c4 Ne7 10. O-O Nf5 11. b3 Be7 12. a4 Qa5 13. Ba3 Bxa3 14. Rxa3 Qb4 15.
Rfa1 Qe7 16. b4 O-O 17. cxd5 cxd5 18. b5 Nd7 19. Rc3 Rfc8 20. Rac1 Qd8 21. a5
Nf8 22. Nb3 Ne7 23. Nc5 b6 24. Nb7 Rxc3 25. Qxc3 Qd7 26. Nd6 bxa5 27. Qxa5 f6
28. b6 Nc6 29. b7 Rb8 30. Qa6 Nd8 31. Qxa7 Rxb7 32. Nxb7 Qxb7 33. Qa5 Nf7 34.
Rc7 Qb1+ 35. Kh2 Qf5 36. exf6 gxf6 37. Rc8 Kg7 38. Qa8 Ng6 39. Rg8+ Kh7 40. Qe8
Nh6 41. Rxg6 Qxg6 42. Qxe6 Qe4 43. Qxe4+ dxe4 44. Nd2 Ng4+ 45. Kg3 f5 46. Nc4
Kg7 47. Ne3 f4+ 48. Kxf4 Nxf2 49. Kg5 Nd3 50. Kxh5 Nf4+ 51. Kg4 Ne2 52. Kf5
Nxd4+ 53. Kxe4 Ne6 54. Nd5 Kh6 55. g4 Nc5+ 56. Kf5 Nb7 57. g5+ Kg7 58. h5 Nd6+
59. Kf4 Nf7 60. Ne3 Nd8 61. Nf5+ Kf7 62. Ke5 Nc6+ 63. Kd6 Nd8 64. g6+ Kf6 65. g7
Kf7 66. h6 Ne6 67. g8=Q+ Kxg8 68. Kxe6 Kh7 69. Kf6 Kh8 70. Kg6 Kg8 71. Nd6 1-0

[Event "27th Hoogeveen Open 2024"]
[Site "Hoogeveen NED"]
[Date "2024.10.31"]
[Round "7.28"]
[White "Goudriaan, Rafael"]
[Black "Gortemaker, Lucas"]
[Result "1-0"]
[WhiteElo "2101"]
[BlackElo "2073"]
[WhiteFideId "1063162"]
[BlackFideId "1013394"]
[EventDate "2024.10.26"]

1. e4 c6 2. d4 d5 3. e5 Bf5 4. Nf3 e6 5. Be2 Nd7 6. O-O h6 7. a4 Qc7 8. a5 c5 9.
a6 Rb8 10. c4 dxc4 11. axb7 Bxb1 12. Rxb1 Nb6 13. Be3 Rxb7 14. Rc1 c3 15. bxc3
c4 16. Nd2 Qc6 17. Rb1 Rd7 18. Bf3 Qc7 19. Ne4 f5 20. exf6 Nxf6 21. Bh5+ Kd8 22.
Nxf6 gxf6 23. Qg4 f5 24. Qg6 Qd6 25. Qf6+ Kc7 26. Qxh8 f4 27. Bc1 Rg7 28. Ra1 a6
29. Ba3 Qd5 30. Bf3 1-0

[Event "27th Hoogeveen Open 2024"]
[Site "Hoogeveen NED"]
[Date "2024.10.31"]
[Round "7.29"]
[White "Markuszewski, Maksymilian"]
[Black "Darie, Aden"]
[Result "1-0"]
[WhiteElo "2079"]
[BlackElo "1928"]
[WhiteFideId "651018306"]
[BlackFideId "1094831"]
[EventDate "2024.10.26"]

1. d4 e6 2. c4 Nf6 3. Nf3 d5 4. Nc3 Ne4 5. g3 c5 6. cxd5 exd5 7. Bg2 Nc6 8. O-O
cxd4 9. Nxd4 Nxc3 10. bxc3 Bc5 11. Nb3 Bd6 12. Qxd5 Be6 13. Qb5 Qc7 14. Nc5 Bxc5
15. Qxc5 Rd8 16. Rb1 Qe7 17. Qxe7+ Nxe7 18. Rxb7 Bxa2 19. Rxa7 Bc4 20. Ba3 Rd7
21. Ra8+ Rd8 22. Rxd8+ Kxd8 23. Rd1+ Ke8 24. Rd4 Be6 25. c4 f6 26. Re4 Kf7 27.
Bxe7 Rb8 28. f4 f5 29. Re3 Kxe7 30. Bd5 Rb6 31. c5 1-0

[Event "27th Hoogeveen Open 2024"]
[Site "Hoogeveen NED"]
[Date "2024.10.31"]
[Round "7.30"]
[White "Wildschut, Marcel"]
[Black "Den Heijer, Rolinde"]
[Result "0-1"]
[WhiteElo "2069"]
[BlackElo "2018"]
[WhiteFideId "1019139"]
[BlackFideId "1068300"]
[EventDate "2024.10.26"]

1. e4 c5 2. Nf3 d6 3. d4 cxd4 4. Nxd4 Nf6 5. Nc3 a6 6. Bc4 e6 7. Be3 b5 8. Bb3
Be7 9. a3 O-O 10. Qe2 Bd7 11. O-O-O Qc7 12. g4 Nc6 13. g5 Ne8 14. Nxc6 Bxc6 15.
h4 a5 16. Nxb5 Qb7 17. Nd4 Bxe4 18. f3 Bd5 19. Bxd5 Qxd5 20. Kb1 Qb7 21. Qb5
Qxb5 22. Nxb5 d5 23. c4 Rb8 24. a4 dxc4 25. Rd7 Bb4 26. Rc1 Rc8 27. Na7 Rc7 28.
Rxc7 Nxc7 29. Rxc4 Nd5 30. Bc5 Rd8 31. Nc6 Rc8 32. Bxb4 axb4 33. Rxb4 f6 34. Rb8
Rxb8 35. Nxb8 fxg5 36. hxg5 h5 37. Nd7 h4 38. Ne5 h3 39. Ng4 Kf7 40. Kc1 Kg6 41.
Kd2 Kxg5 42. Ke1 Nb4 43. Kf1 Kf4 44. Nh2 Kg3 45. Kg1 g6 46. a5 g5 47. b3 Na6 48.
Ng4 Kxf3 49. Ne5+ Kg3 50. Nd3 e5 51. Nxe5 Nc5 52. b4 Ne4 53. Nd3 h2+ 54. Kh1 Kh3 0-1

[Event "27th Hoogeveen Open 2024"]
[Site "Hoogeveen NED"]
[Date "2024.10.31"]
[Round "7.31"]
[White "Westerhof, Fleur"]
[Black "Ambrona Navarro, Himar"]
[Result "0-1"]
[WhiteElo "1904"]
[BlackElo "1971"]
[WhiteFideId "1080369"]
[BlackFideId "94740925"]
[EventDate "2024.10.26"]

1. e4 c5 2. Nf3 Nc6 3. d4 cxd4 4. Nxd4 Nf6 5. Nc3 e5 6. Ndb5 d6 7. Bg5 a6 8. Na3
b5 9. Nd5 Be7 10. Bxf6 Bxf6 11. c3 Ne7 12. Nxf6+ gxf6 13. Nc2 Bb7 14. Bd3 d5 15.
Qe2 f5 16. exf5 e4 17. f6 Nf5 18. Nd4 Nxd4 19. cxd4 Qa5+ 20. Kf1 O-O-O 21. Qg4+
Kb8 22. Qg3+ Ka8 23. Be2 Rc8 24. Qb3 Qd2 25. Rd1 Rc1 26. g3 Rxd1+ 27. Qxd1 Qxb2
28. Bh5 Rc8 29. Kg2 Rc2 30. Rf1 e3 31. Qf3 Qxd4 32. Bxf7 Qe5 33. Qf4 d4+ 34. Kh3
Qxf4 35. gxf4 e2 36. Re1 d3 37. Bb3 Rc6 38. f7 Rf6 39. Kg3 Rxf7 40. f3 Rd7 41.
f5 Rf7 42. Kf4 Rxf5+ 43. Kxf5 Bxf3 44. Kg5 d2 45. Rxe2 Bxe2 46. Kh6 d1=Q 47.
Bxd1 Bxd1 48. Kxh7 Kb7 49. Kg7 Kb6 50. Kf6 Ka5 51. Ke5 Ka4 52. Kd4 Ka3 53. Kc3
b4+ 54. Kd2 Bh5 0-1

[Event "27th Hoogeveen Open 2024"]
[Site "Hoogeveen NED"]
[Date "2024.10.31"]
[Round "7.32"]
[White "Gerrits, Augustin"]
[Black "Fehr, Axel"]
[Result "1-0"]
[WhiteElo "1939"]
[BlackElo "2021"]
[WhiteFideId "285358"]
[BlackFideId "4675185"]
[EventDate "2024.10.26"]

1. e4 g6 2. d4 d6 3. Nc3 a6 4. a4 Bg7 5. Nf3 Bg4 6. Be2 Nc6 7. Be3 Nf6 8. O-O
O-O 9. h3 Bxf3 10. Bxf3 e5 11. dxe5 dxe5 12. Be2 Nd4 13. Bd3 c6 14. a5 Nd7 15.
Na4 Re8 16. c3 Ne6 17. Bc4 Bf8 18. Qc2 Nec5 19. Rfd1 Nxa4 20. Qxa4 Qc7 21. b4 b5
22. axb6 Nxb6 23. Qa5 Reb8 24. Bxa6 Be7 25. Qa2 c5 26. Qb2 Qc6 27. Bd3 cxb4 28.
cxb4 Na4 29. Qc2 Qxc2 30. Bxc2 Rxb4 31. Rd7 Kf8 32. Bd2 Rc4 33. Bb3 Rxe4 34. Bd5
Rd4 35. Bxa8 Rxd7 36. Bh6+ Kg8 37. Rxa4 Rd1+ 38. Kh2 f5 39. Ra5 Bd6 40. Bd5+ 1-0

[Event "27th Hoogeveen Open 2024"]
[Site "Hoogeveen NED"]
[Date "2024.11.01"]
[Round "8.1"]
[White "Kovchan, Alexander"]
[Black "Karthikeyan, Murali"]
[Result "0-1"]
[WhiteTitle "GM"]
[BlackTitle "GM"]
[WhiteElo "2444"]
[BlackElo "2624"]
[WhiteFideId "14103052"]
[BlackFideId "5074452"]
[EventDate "2024.10.26"]

1. d4 Nf6 2. c4 d6 3. Nf3 Nbd7 4. Nc3 e5 5. e4 g6 6. g3 Bg7 7. Bg2 O-O 8. O-O a6
9. a4 exd4 10. Nxd4 Re8 11. Re1 c6 12. Bf4 Ne5 13. b3 Nh5 14. Bxe5 dxe5 15. Nc2
Qxd1 16. Rexd1 a5 17. Ne1 Bf8 18. Nd3 Ng7 19. Rab1 f6 20. h4 Bg4 21. f3 Be6 22.
Kh2 Rad8 23. Bh3 Rd7 24. Bf1 Red8 25. Be2 Bf7 26. Kg2 Ne6 27. Bf1 Nc5 28. Nxc5
Rd2+ 29. Be2 Bxc5 30. Kf1 R8d4 31. Rxd2 Rxd2 32. Nd1 Ra2 33. Nf2 Kf8 34. Nd3 Bd4
35. g4 Be6 36. f4 exf4 37. Nxf4 Bxg4 38. Nxg6+ hxg6 39. Bxg4 Rf2+ 40. Ke1 Rf4
41. Bc8 Rxe4+ 42. Kd2 Rxh4 43. b4 axb4 44. Bxb7 c5 45. Bf3 Rh2+ 46. Be2 f5 47.
Rf1 b3 48. Rf3 b2 49. Rb3 f4 50. a5 b1=Q 51. Rxb1 f3 52. Re1 fxe2 53. a6 Rh3 54.
Rxe2 Kf7 0-1

[Event "27th Hoogeveen Open 2024"]
[Site "Hoogeveen NED"]
[Date "2024.11.01"]
[Round "8.2"]
[White "Slagboom, Leandro"]
[Black "Bosboom, Manuel"]
[Result "0-1"]
[WhiteTitle "FM"]
[BlackTitle "IM"]
[WhiteElo "2345"]
[BlackElo "2354"]
[WhiteFideId "1065882"]
[BlackFideId "1000080"]
[EventDate "2024.10.26"]

1. e4 g6 2. d4 Bg7 3. Nf3 c6 4. Bd3 Na6 5. c3 Nc7 6. O-O Nh6 7. Re1 O-O 8. h3 f6
9. c4 Nf7 10. Nc3 e5 11. Bc2 d6 12. Be3 Qe7 13. Qe2 g5 14. Qd2 Ne6 15. d5 Nf4
16. c5 dxc5 17. Bb3 Rd8 18. Qc2 b5 19. Bxf4 gxf4 20. a3 c4 21. Ba2 Ng5 22. Nxg5
fxg5 23. b3 f3 24. bxc4 g4 25. g3 gxh3 26. cxb5 Qg5 27. Kh2 h5 28. Re3 cxb5 29.
Nxb5 Bg4 30. Qd3 Rab8 31. Rb1 Kh7 32. d6 h4 33. Rg1 a6 34. gxh4 Qf4+ 35. Rg3
Rxb5 36. Qc3 Rxd6 37. a4 Rbb6 38. Bd5 Rg6 39. Qa3 Rb1 40. Qa2 Rf1 41. Bc4 Rc1
42. Bf7 Rd6 43. Bg8+ Kh8 44. Bb3 Bf6 0-1

[Event "27th Hoogeveen Open 2024"]
[Site "Hoogeveen NED"]
[Date "2024.11.01"]
[Round "8.3"]
[White "Smeets, Kobe"]
[Black "Sankalp, Gupta"]
[Result "0-1"]
[WhiteTitle "FM"]
[BlackTitle "GM"]
[WhiteElo "2328"]
[BlackElo "2534"]
[WhiteFideId "1063910"]
[BlackFideId "5097010"]
[EventDate "2024.10.26"]

1. e4 c5 2. Nf3 d6 3. d4 cxd4 4. Nxd4 Nf6 5. Nc3 Nc6 6. Bg5 e6 7. Qd2 a6 8.
O-O-O Bd7 9. f4 Be7 10. Nf3 b5 11. e5 b4 12. exf6 bxc3 13. Qxc3 gxf6 14. Bh4 Rg8
15. g3 d5 16. Kb1 Nb4 17. Nd4 Rc8 18. Qb3 a5 19. a3 a4 20. Qe3 Nc6 21. Nxc6 Bxc6
22. Bg2 Qa5 23. Qd4 Rb8 24. Ka1 Rg6 25. f5 e5 26. Qd2 Qb6 27. Rb1 Rg4 28. Bxd5
Rd4 29. Bxc6+ Qxc6 30. Qe2 Rc4 31. Rhd1 Rxc2 32. Rd2 Rc4 33. g4 Rc8 34. Bg3 Re4
35. Qf3 Qc4 36. g5 Rd8 37. Rxd8+ Bxd8 38. gxf6 Bxf6 39. Qf2 Rd4 40. Re1 Kd7 41.
Qe3 e4 42. Rc1 Qb3 43. Qf4 Rc4 44. Qd2+ Qd3 45. Qxd3+ exd3 46. Rd1 Rd4 47. Ka2
Kc6 48. b3 Kb5 49. bxa4+ Kxa4 50. Be1 Re4 51. Bb4 Re3 52. Kb1 Kb3 53. Kc1 Rf3
54. Kd2 Bg5+ 55. Ke1 Kc2 0-1

[Event "27th Hoogeveen Open 2024"]
[Site "Hoogeveen NED"]
[Date "2024.11.01"]
[Round "8.4"]
[White "Zwirs, Nico"]
[Black "Labruyere, Roger"]
[Result "1-0"]
[WhiteTitle "IM"]
[WhiteElo "2474"]
[BlackElo "2286"]
[WhiteFideId "1036432"]
[BlackFideId "1059505"]
[EventDate "2024.10.26"]

1. e4 c5 2. Nf3 d6 3. d4 cxd4 4. Nxd4 Nf6 5. Nc3 a6 6. Be3 e5 7. Nb3 Be6 8. h3
Nbd7 9. g4 h6 10. Qd2 b5 11. O-O-O Be7 12. f4 b4 13. Nd5 Bxd5 14. exd5 a5 15.
fxe5 Nxe5 16. Bb5+ Kf8 17. Kb1 a4 18. Nd4 Qa5 19. Qg2 Rb8 20. Bc6 Nc4 21. Bc1
Qc5 22. Rhe1 a3 23. b3 Ne5 24. Nf5 Qa7 25. Be3 Qc7 26. Bd4 g6 27. Bxe5 gxf5 28.
Bd4 Rh7 29. Qf2 Rg7 30. Qxf5 Rg6 31. Rd2 Kg7 32. Rde2 Bd8 33. h4 1-0

[Event "27th Hoogeveen Open 2024"]
[Site "Hoogeveen NED"]
[Date "2024.11.01"]
[Round "8.5"]
[White "De Winter, Arthur"]
[Black "Maris, Ivo"]
[Result "0-1"]
[WhiteTitle "IM"]
[BlackTitle "FM"]
[WhiteElo "2435"]
[BlackElo "2388"]
[WhiteFideId "1069020"]
[BlackFideId "1028146"]
[EventDate "2024.10.26"]

1. e4 g6 2. d4 d6 3. Nc3 a6 4. Be3 b5 5. h4 Nf6 6. e5 Ng4 7. Bf4 h5 8. Qf3 Ra7
9. O-O-O Bg7 10. Bd3 O-O 11. Nh3 c5 12. exd6 c4 13. Be4 exd6 14. Qg3 b4 15. Bxd6
bxc3 16. Bxf8 Bxf8 17. Qxb8 Rd7 18. bxc3 Kg7 19. Kd2 Bd6 20. Qa8 Rc7 21. f3 Qxh4
22. fxg4 hxg4 23. Qd5 gxh3 24. Qxd6 Qg5+ 25. Ke2 Re7 26. Qxe7 Qxe7 27. Kf3 hxg2
28. Rhe1 Qg5 29. Kf2 Bg4 30. Bxg2 Qf4+ 31. Kg1 Bxd1 32. Rxd1 Qe3+ 33. Kf1 Qxc3
34. d5 Qxc2 35. Bf3 Qf5 36. Kg2 c3 0-1

[Event "27th Hoogeveen Open 2024"]
[Site "Hoogeveen NED"]
[Date "2024.11.01"]
[Round "8.6"]
[White "Mamatov, Melis"]
[Black "Ganguly, Surya Shekhar"]
[Result "1/2-1/2"]
[WhiteTitle "FM"]
[BlackTitle "GM"]
[WhiteElo "2358"]
[BlackElo "2598"]
[WhiteFideId "13800027"]
[BlackFideId "5002150"]
[EventDate "2024.10.26"]

1. e4 c5 2. Nf3 e6 3. d4 cxd4 4. Nxd4 Nf6 5. Nc3 Nc6 6. Nxc6 bxc6 7. e5 Nd5 8.
Ne4 Bb7 9. Be2 c5 10. O-O Qc7 11. Nd6+ Bxd6 12. exd6 Qc6 13. f3 c4 14. Qd4 O-O
15. Bxc4 Qxd6 16. Bd3 f5 17. b3 e5 18. Qf2 Qg6 19. Bd2 Kh8 20. c4 Ne7 21. Rad1
d5 22. Bb4 Rfe8 23. Bxe7 dxc4 24. Bxf5 Qxf5 25. Bc5 Rac8 26. bxc4 e4 27. Bd4
exf3 28. Bxg7+ Kg8 29. Qg3 Re6 30. Bf6+ Qg6 31. Qxg6+ hxg6 32. Bd4 fxg2 33. Rf6
Rxf6 34. Bxf6 Rxc4 35. Rd8+ Kf7 36. Rd7+ Kxf6 37. Rxb7 Rc1+ 38. Kxg2 Rc2+ 39.
Kg3 Rxa2 40. h4 Ra4 41. Rb5 a6 42. Rc5 Re4 43. h5 gxh5 44. Rxh5 Ke7 45. Kf3 Re6
46. Rd5 Rd6 47. Ke4 1/2-1/2